Brick Development Association (Record no. 119810)

MARC details
000 -LEADER
fixed length control field 00707cam a2200181 4500
001 - CONTROL NUMBER
control field WS111044
008 - FIXED-LENGTH DATA ELEMENTS--GENERAL INFORMATION
fixed length control field 000000n 000 0 eng u
035 ## - SYSTEM CONTROL NUMBER
System control number (Sirsi) u111044
110 ## - MAIN ENTRY--CORPORATE NAME
Corporate name or jurisdiction name as entry element Brick Development Association
9 (RLIN) 3278
245 ## - TITLE STATEMENT
Title Brick Development Association
520 ## - SUMMARY, ETC.
Summary, etc. Site for this organisation which represents brick manufacturers. includes a list of member companies, guidance notes, frequently asked questions and links to their journal 'Brick Bulletin'.
650 ## - SUBJECT ADDED ENTRY--TOPICAL TERM
Topical term or geographic name entry element BRICKS
650 ## - SUBJECT ADDED ENTRY--TOPICAL TERM
Topical term or geographic name entry element ORGANISATION
650 ## - SUBJECT ADDED ENTRY--TOPICAL TERM
Topical term or geographic name entry element JOURNALS
690 ## - LOCAL SUBJECT ADDED ENTRY--TOPICAL TERM (OCLC, RLIN)
Topical term or geographic name as entry element BUILT ENVIRONMENT-BUILDING MATERIALS
856 40 - ELECTRONIC LOCATION AND ACCESS
Uniform Resource Identifier <a href="https://www.brick.org.uk">https://www.brick.org.uk</a>
Public note View the website free of charge at ww.brick.org.uk...
942 ## - ADDED ENTRY ELEMENTS (KOHA)
Suppress in OPAC 0
Holdings
Withdrawn status Lost status Source of classification or shelving scheme Damaged status Not for loan Home library Current library Shelving location Date acquired Total Checkouts Full call number Barcode Date last seen Copy number Price effective from Koha item type
    Dewey Decimal Classification     Virtual Virtual Online 20/02/2001   WEB SITE 111044-2001 06/08/2019 1 06/08/2019 Online material